000 00694nam a2200229 i 4500
001 bgj
100 1 _aKIDDER, Tracy.
245 1 0 _aAmong schoolchildren /
_cTracy Kidder.
260 _aBoston :
_bHoughton Mifflin Company,
_c1989.
300 _a340 pp ;
_c24 cm.
490 1 _aA Richard Todd book
505 _aIncludes bibliographical references p. 334-340.
650 9 _aElementary school teaching
_aUnited States
_xCase studies
650 9 _aFifth grade (Education)
_aUnited States
_xCase studies
830 _aA Richard Todd book
020 _a0395475910
040 _cBPK
041 0 _aeng
920 _a0-395-47591-0
942 _cKS
008 s uk f |000 0 eng
999 _c47520
_d47520
856 _uhttp://koha.tu.koszalin.pl/cgi-bin/koha/opac-detail.pl?biblionumber=47520
_yKatalog online BPK